000 00809nam a2200241 i 4500
001 88784
003 ES-MaACL
005 20230906175931.0
007 t|
008 041215m19671978fr ||||1| fre d
080 _a821.124-31"01"
100 1 _aGelio, Aulo.
_956255
245 1 4 _aLes nuits attiques /
_cAulu-Gelle ; texte établi et traduit par René Marache.
260 _aParis :
_bSociété d'Edition "Les Belles Lettres",
_c1967-78.
300 _a2 v. (pag. doble) ;
_c19 cm.
490 1 _aCollection des Universités de France
500 _aTexto en latín y francés.
505 8 _aContiene :1. Livres I-IV -- 2. Livres V-X
700 1 _aMarache, René.
_976288
830 0 _aCollection des Universités de France
_9180876
852 _aES-MaACL
_jE-10607-08
_bR.134824
999 _c88784
_d88784